[Event "SLO-ch U10"]
[Site "Rogaska Slatina"]
[Date "2009.02.27"]
[Round "9"]
[White "Tome, Jakob"]
[Black "Ribic, Simen"]
[Result "0-1"]
[WhiteElo "1500"]
[BlackElo "1500"]
[PlyCount "108"]
[EventDate "2009.02.22"]
[EventType "swiss"]
[EventRounds "9"]
[EventCountry "SLO"]
[SourceTitle "CBM 129 Extra"]
[Source "ChessBase"]
[SourceDate "2009.05.05"]
[SourceVersion "2"]
[SourceVersionDate "2009.05.20"]
[SourceQuality "1"]

1. e4 e5 2. Nf3 Nc6 3. Bc4 Bc5 4. c3 Nf6 5. d3 0-0 6. 0-0 d6 7. h3 Be6 8. Bxe6 fxe6 9. d4 exd4 10. cxd4 Bb6 11. e5 dxe5 12. dxe5 Qxd1 13. Rxd1 Ne4 14. Rf1 Nb4 15. Nbd2 Nxd2 16. Bxd2 Nd3 17. Rab1 Rad8 18. b3 Nxe5 19. Be3 Nxf3+ 20. gxf3 Rxf3 21. Bxb6 cxb6 22. Kg2 Rf6 23. Rbd1 Rg6+ 24. Kh2 Rxd1 25. Rxd1 h5 26. Rd8+ Kh7 27. Rd7 e5 28. Rxb7 Rf6 29. Kg1 Rg6+ 30. Kf1 a5 31. a3 Rc6 32. b4 axb4 33. axb4 Rc1+ 34. Kg2 e4 35. Rxb6 Rc2 36. Kg3 g5 37. h4 Rc3+ 38. Kg2 gxh4 39. Rb7+ Kh6 40. b5 h3+ 41. Kh2 Rf3 42. b6 Rxf2+ 43. Kg3 h2 44. Kxf2 h1Q 45. Re7 Qh4+ 46. Ke3 Qxe7 47. Kd4 Qb4+ 48. Kd5 Qxb6 49. Kxe4 Qd6 50. Kf5 Qd5+ 51. Kf6 h4 52. Ke7 Kg6 53. Ke8 Kf6 54. Kf8 Qf7# 0-1

[Event "SLO-ch U10"]
[Site "Rogaska Slatina"]
[Date "2009.02.24"]
[Round "5"]
[White "Zamar Kodelja, Jurij"]
[Black "Ribic, Simen"]
[Result "1-0"]
[WhiteElo "1500"]
[BlackElo "1500"]
[PlyCount "81"]
[EventDate "2009.02.22"]
[EventType "swiss"]
[EventRounds "9"]
[EventCountry "SLO"]
[SourceTitle "CBM 129 Extra"]
[Source "ChessBase"]
[SourceDate "2009.05.05"]
[SourceVersion "2"]
[SourceVersionDate "2009.05.20"]
[SourceQuality "1"]

1. e4 e5 2. Nf3 Nc6 3. Nc3 Nf6 4. Bc4 Bc5 5. h3 0-0 6. 0-0 d6 7. d3 Bd7 8. Be3 Bxe3 9. fxe3 Be6 10. Bb3 Bxb3 11. axb3 Qe8 12. Re1 Rd8 13. d4 exd4 14. exd4 d5 15. exd5 Ne7 16. Rxa7 Nfxd5 17. Nxd5 Rxd5 18. c4 Rd8 19. d5 c6 20. d6 Rd7 21. Qd2 Qb8 22. Raa1 Rxd6 23. Qf4 Ng6 24. Qg3 Rfd8 25. Qf2 Nf4 26. Qa7 Qxa7+ 27. Rxa7 Nd3 28. Rd1 h6 29. Rxb7 Nc5 30. Rxd6 Rxd6 31. Rc7 Rd1+ 32. Kh2 Nxb3 33. Rxc6 Nd4 34. Nxd4 Rxd4 35. b4 g5 36. b5 g4 37. hxg4 Rxg4 38. c5 Rh4+ 39. Kg1 Rb4 40. b6 Rxb6 41. Rxb6 1-0

[Event "SLO-ch U10"]
[Site "Rogaska Slatina"]
[Date "2009.02.22"]
[Round "1"]
[White "Zunic, Gregor"]
[Black "Ribic, Simen"]
[Result "0-1"]
[WhiteElo "1500"]
[BlackElo "1500"]
[PlyCount "86"]
[EventDate "2009.02.22"]
[EventType "swiss"]
[EventRounds "9"]
[EventCountry "SLO"]
[SourceTitle "CBM 129 Extra"]
[Source "ChessBase"]
[SourceDate "2009.05.05"]
[SourceVersion "2"]
[SourceVersionDate "2009.05.20"]
[SourceQuality "1"]

1. e4 e5 2. Nf3 Nc6 3. c3 Nf6 4. d4 d6 5. Be2 exd4 6. cxd4 Bg4 7. 0-0 Nxe4 8. d5 Nb4 9. Qa4+ c6 10. dxc6 Nc5 11. cxb7+ Nxa4 12. Bb5+ Bd7 13. Bxd7+ Kxd7 14. bxa8Q Qxa8 15. Rd1 Nc2 16. Ne5+ Ke6 17. Nf3 Nxa1 18. Na3 Qb8 19. Nd4+ Kd7 20. Ndb5 Nc2 21. b3 Nxa3 22. Nxa3 Qb4 23. bxa4 Qxa4 24. Rf1 d5 25. Nb1 Qxa2 26. Nc3 Qc2 27. Nxd5 Bd6 28. Ne3 Qc7 29. Nd5 Qd8 30. Rd1 Re8 31. Bf4 Re6 32. Be3 Qh4 33. g3 Qh5 34. Bf4 Qxd1+ 35. Kg2 Qxd5+ 36. Kf1 a5 37. Bc1 Qe5 38. Be3 Rf6 39. Ke2 Qh5+ 40. Kf1 Qf3 41. Ke1 Bb4+ 42. Bd2 Qxf2+ 43. Kd1 Qxd2# 0-1